Statistics for When Will My Life Begin Lyrics from Tangled

Click here to take the quiz!

General Stats

  • This quiz has been taken 82 times
  • The average score is 131 of 195

Answer Stats

Answer% Correct
a
98%
I
96%
and
94%
morning
94%
the
94%
line
92%
my
92%
up
92%
will
92%
begin
90%
clean
90%
life
90%
usual
90%
when
90%
all
88%
floor's
88%
sweep
88%
7am
85%
til
85%
wonder
81%
book
77%
chores
77%
I'll
77%
to
77%
maybe
75%
on
75%
or
75%
paint
75%
read
75%
start
75%
so
73%
then
73%
Then
73%
it
71%
three
71%
two
71%
mop
69%
shine
69%
7:15
67%
brush
67%
it's
67%
like
67%
again
65%
baking
65%
by
65%
chess
65%
do
65%
in
65%
just
65%
wax
65%
add
63%
few
63%
hair
63%
new
63%
polish
63%
ballet
60%
gallery
60%
paintings
60%
darts
58%
basically
56%
cook
56%
if
56%
laundry
56%
making
56%
play
56%
some
56%
candle
54%
puzzles
54%
sew
54%
wondering
54%
guitar
52%
lunch
52%
time
52%
after
50%
bit
50%
dress
50%
have
50%
I'm
50%
knit
50%
room
50%
spare
50%
of
48%
somewhere
48%
there
48%
climb
46%
mache
46%
more
46%
paper
46%
pottery
46%
sure
46%
there's
46%
books
44%
take
44%
walls
44%
me
42%
stretch
42%
they
42%
keep
40%
place
40%
reread
40%
sketch
40%
always
38%
been
38%
is
38%
I've
38%
lights
38%
mother
38%
night
38%
same
38%
stuck
38%
ventriloquy
38%
birthday
35%
each
35%
go
35%
might
35%
that
35%
tomorrow
35%
year
35%
appear
33%
let
33%
now
33%
older
33%
where
33%
out
29%
what
29%
glow
23%

Score Distribution

Percentile by Number Answered

Percent of People with Each Score

Your Score History

You have not taken this quiz